[Event "Aragon-chT Preferente Gr-I"]
[Site "Aragon"]
[Date "2019.03.23"]
[Round "9.38"]
[White "Garcia Andres, Daniel"]
[Black "Sanchez Castro, Roberto"]
[Result "1-0"]
[WhiteElo "1992"]
[BlackElo "2037"]
[PlyCount "95"]
[EventDate "2019.01.26"]
[EventType "team-tourn"]
[EventRounds "9"]
[EventCountry "ESP"]
[SourceTitle "EXT 2020"]
[Source "ChessBase"]
[SourceDate "2019.10.17"]
[SourceVersion "1"]
[SourceVersionDate "2019.10.17"]
[SourceQuality "1"]
[WhiteTeam "St Casablanca III"]
[BlackTeam "IberCaja II"]
[WhiteTeamCountry "ESP"]
[BlackTeamCountry "ESP"]

1. e4 c5 2. Nc3 a6 3. f4 b5 4. d3 e6 5. Nf3 d5 6. exd5 exd5 7. Qe2+ Be7 8. g3 Nf6 9. Bg2 0-0 10. 0-0 Nc6 11. Ne5 Nd4 12. Qf2 Bb7 13. Be3 Rc8 14. Rac1 Nf5 15. Nd1 Nxe3 16. Nxe3 Qc7 17. Nf5 g6 18. Nxe7+ Qxe7 19. Rce1 Qc7 20. Re2 d4 21. Bxb7 Qxb7 22. Rfe1 Rce8 23. Qf1 Kg7 24. Qh3 Qa8 25. g4 Nd5 26. f5 f6 27. fxg6 hxg6 28. Nd7 Rxe2 29. Rxe2 Rh8 30. Qf3 Rd8 31. Re7+ Nxe7 32. Qxf6+ Kh6 33. Qh4+ Kg7 34. Qxe7+ Kh6 35. Qh4+ Kg7 36. Qe7+ Kh6 37. g5+ Kh5 38. Nf6+ Kxg5 39. h4+ Kf5 40. Ne4 Qb8 41. Qf7+ Ke5 42. Qe7+ Kd5 43. Qxc5+ Ke6 44. Ng5+ Kf6 45. Qc6+ Kg7 46. Ne6+ Kh6 47. Nxd8 Qxd8 48. Qe4 1-0

[Event "Aragon-chT Preferente B"]
[Site "Aragon"]
[Date "2014.02.22"]
[Round "5.63"]
[White "Garcia Montolar, Cesar"]
[Black "Garcia Andres, Daniel"]
[Result "1/2-1/2"]
[WhiteElo "1836"]
[BlackElo "2013"]
[PlyCount "74"]
[EventDate "2014.01.25"]
[EventType "team-tourn"]
[EventRounds "9"]
[EventCountry "ESP"]
[SourceTitle "EXT 2015"]
[Source "ChessBase"]
[SourceDate "2014.11.20"]
[SourceVersion "1"]
[SourceVersionDate "2014.11.20"]
[SourceQuality "1"]
[WhiteTeam "Tauste II"]
[BlackTeam "St Casablanca III"]
[WhiteTeamCountry "ESP"]
[BlackTeamCountry "ESP"]

1. d4 d5 2. Nf3 Nf6 3. e3 g6 4. Bd3 Bg7 5. Nbd2 0-0 6. c3 Nbd7 7. e4 dxe4 8. Nxe4 Nxe4 9. Bxe4 e5 10. 0-0 Nf6 11. Bc2 e4 12. Ne5 Re8 13. Re1 h5 14. Bg5 Qd6 15. Bxf6 Bxf6 16. Rxe4 Bxe5 17. Rxe5 Rxe5 18. dxe5 Qxe5 19. Qd8+ Kg7 20. Rd1 Bg4 21. Qd4 Re8 22. f3 Qxd4+ 23. Rxd4 Be6 24. b3 c5 25. Rd6 Kf6 26. Be4 Re7 27. f4 b6 28. Kf2 Rd7 29. Rxd7 Bxd7 30. a3 a5 31. Ke3 h4 32. g3 hxg3 33. hxg3 g5 34. b4 axb4 35. axb4 Bc8 36. Bd5 gxf4+ 37. Kxf4 Ke7 1/2-1/2

[Event "Aragon-chT Preferente B"]
[Site "Aragon"]
[Date "2012.02.25"]
[Round "4.57"]
[White "Garcia Andres, Daniel"]
[Black "Cebrian Valverde, Jose Antonio"]
[Result "0-1"]
[WhiteElo "2008"]
[BlackElo "2142"]
[PlyCount "58"]
[EventDate "2012.02.04"]
[EventType "team"]
[EventRounds "9"]
[EventCountry "ESP"]
[SourceTitle "EXT 2014"]
[Source "ChessBase"]
[SourceDate "2013.11.20"]
[SourceVersion "1"]
[SourceVersionDate "2013.11.20"]
[SourceQuality "1"]
[WhiteTeam "St Casablanca IV"]
[BlackTeam "San Jose"]
[WhiteTeamCountry "ESP"]
[BlackTeamCountry "ESP"]

1. e4 e6 2. d4 d5 3. Nd2 Nc6 4. Ngf3 Nf6 5. e5 Nd7 6. c3 f6 7. exf6 Qxf6 8. Bb5 Bd6 9. Nb3 0-0 10. Bg5 Qf7 11. Qd2 e5 12. dxe5 Ncxe5 13. Nxe5 Nxe5 14. 0-0-0 c6 15. Be2 b5 16. Nd4 Bd7 17. f4 Nc4 18. Bxc4 bxc4 19. f5 Rab8 20. g4 Rb7 21. Ne6 Bxe6 22. fxe6 Qxe6 23. Rde1 Qg6 24. h4 Rfb8 25. h5 Rxb2 26. Qxd5+ cxd5 27. hxg6 h6 28. Be7 Bf4+ 29. Kd1 Rd2+ 0-1

[Event "Aragon-chT"]
[Site "Aragon"]
[Date "2009.03.07"]
[Round "6"]
[White "Garcia Andres, Daniel"]
[Black "Gayan Carceller, Miguel Angel"]
[Result "1-0"]
[WhiteElo "2039"]
[BlackElo "1888"]
[PlyCount "80"]
[EventDate "2009.01.24"]
[EventType "team-swiss"]
[EventRounds "9"]
[EventCountry "ESP"]
[SourceTitle "EXT 2011"]
[Source "ChessBase"]
[SourceDate "2010.11.26"]
[SourceVersion "1"]
[SourceVersionDate "2010.11.26"]
[SourceQuality "1"]

1. e4 c6 2. d4 d5 3. exd5 cxd5 4. c4 e6 5. Nc3 Nf6 6. cxd5 Nxd5 7. Nf3 Be7 8. Bd3 Nd7 9. Nxd5 exd5 10. 0-0 0-0 11. Qc2 Nf6 12. Bg5 h6 13. Bh4 Be6 14. Rac1 Rc8 15. Qb3 Rxc1 16. Rxc1 Ne4 17. Bxe7 Qxe7 18. Re1 Rc8 19. Qa4 Bg4 20. Ne5 Qg5 21. Nxg4 Qxg4 22. f3 Qh4 23. g3 Qg5 24. fxe4 Qd2 25. Qd1 Qxb2 26. Bb1 dxe4 27. Rxe4 g6 28. Re2 Qa3 29. Qd2 Qc1+ 30. Qe1 Kg7 31. Kg2 Qg5 32. Qd2 Qb5 33. Qb2 Qd7 34. Be4 b6 35. d5+ Kg8 36. Qd2 Kh7 37. Qe3 Qa4 38. Qf3 Kg7 39. Rf2 Rc7 40. d6 Rc8 1-0

[Event "Aragon-chT"]
[Site "Aragon"]
[Date "2009.01.31"]
[Round "2"]
[White "Garcia Andres, Daniel"]
[Black "Biarge Carnicer, Arturo"]
[Result "0-1"]
[WhiteElo "2039"]
[BlackElo "1858"]
[PlyCount "66"]
[EventDate "2009.01.24"]
[EventType "team-swiss"]
[EventRounds "9"]
[EventCountry "ESP"]
[SourceTitle "EXT 2011"]
[Source "ChessBase"]
[SourceDate "2010.11.26"]
[SourceVersion "1"]
[SourceVersionDate "2010.11.26"]
[SourceQuality "1"]

1. e4 c5 2. f4 Nc6 3. Nf3 d6 4. Bc4 e6 5. Nc3 Be7 6. 0-0 Nf6 7. Qe1 d5 8. Bb5 d4 9. Nd1 Bd7 10. d3 Qb6 11. a4 Nb4 12. Bxd7+ Nxd7 13. a5 Qc7 14. Qe2 0-0 15. c3 Nc6 16. a6 bxa6 17. Rxa6 Na5 18. b4 cxb4 19. cxb4 Bxb4 20. Bd2 Bc3 21. Nxc3 dxc3 22. Rc1 Nb8 23. Rxc3 Qd8 24. Rxa5 Qxa5 25. Ne5 Qd8 26. Qh5 f6 27. Ng4 Qd4+ 28. Kh1 Nd7 29. h4 Rab8 30. Kh2 Rfc8 31. Rxc8+ Rxc8 32. Qb5 Rd8 33. Be3 Qd6 0-1

[Event "Aragon-chT"]
[Site "Spain"]
[Date "2004.03.20"]
[Round "8.1"]
[White "Garcia Andres, Daniel"]
[Black "Solano Lasierra, Javier"]
[Result "0-1"]
[WhiteElo "2046"]
[BlackElo "2103"]
[PlyCount "94"]
[EventDate "2004.01.??"]
[EventType "team"]
[EventRounds "11"]
[EventCountry "ESP"]
[SourceTitle "EXT 2006"]
[Source "ChessBase"]
[SourceDate "2005.11.24"]
[SourceVersion "1"]
[SourceVersionDate "2005.11.24"]
[SourceQuality "1"]

1. e4 e5 2. Nf3 Nf6 3. Nc3 Nc6 4. Bc4 Bc5 5. d3 h6 6. a3 a6 7. Nd5 d6 8. Be3 Nxd5 9. exd5 Nd4 10. Bxd4 Bxd4 11. c3 Bb6 12. Qe2 0-0 13. 0-0-0 Bg4 14. h3 Bxf3 15. Qxf3 Qg5+ 16. Rd2 f5 17. h4 Qg4 18. Re2 Rf6 19. h5 Raf8 20. Rh3 Qxf3 21. Rxf3 g5 22. hxg6 Rxg6 23. g3 h5 24. Bb3 f4 25. Re4 Kg7 26. d4 exd4 27. cxd4 h4 28. gxf4 Rg4 29. Bd1 Rf5 30. Kd2 Rxd5 31. Ke3 Rg1 32. Be2 Rb1 33. f5 Rxb2 34. f6+ Kf8 35. Bc4 Re5 36. Kd3 Rxe4 37. Kxe4 Rd2 38. Bd3 c6 39. Kf5 Bxd4 40. Ke6 Rxf2 41. Rxf2 Bxf2 42. Kxd6 c5 43. Bf1 b5 44. Kc6 c4 45. Kb7 c3 46. Bd3 h3 47. Kxa6 h2 0-1

[Event "Aragon-chT"]
[Site "Spain"]
[Date "2004.02.21"]
[Round "4"]
[White "Fabre Perez, Jose Maria"]
[Black "Garcia Andres, Daniel"]
[Result "1-0"]
[WhiteElo "2078"]
[BlackElo "2046"]
[PlyCount "67"]
[EventDate "2004.01.??"]
[EventType "team"]
[EventRounds "11"]
[EventCountry "ESP"]
[SourceTitle "EXT 2006"]
[Source "ChessBase"]
[SourceDate "2005.11.24"]
[SourceVersion "1"]
[SourceVersionDate "2005.11.24"]
[SourceQuality "1"]

1. e4 e5 2. Nf3 Nc6 3. d4 exd4 4. Nxd4 Bc5 5. Be3 Qf6 6. c3 Nge7 7. g3 0-0 8. Bg2 Ne5 9. b4 Bb6 10. f4 Nc4 11. Bf2 d5 12. Qe2 Re8 13. 0-0 Nf5 14. e5 Nxe5 15. fxe5 Rxe5 16. Qd2 Bd7 17. Nxf5 Rxf5 18. Bxb6 Rxf1+ 19. Bxf1 axb6 20. Qd4 Qf5 21. Bd3 Qh5 22. Nd2 Re8 23. Qf4 c6 24. Nf3 g6 25. Ng5 Re7 26. Rf1 f5 27. Nf3 g5 28. Qxg5+ Qxg5 29. Nxg5 h6 30. Nh3 Re3 31. Nf4 c5 32. Kf2 d4 33. cxd4 cxd4 34. Re1 1-0